000 00685nam a2200205Ia 4500
003 OSt
005 20240917162509.0
008 210210b2003 xxu||||| |||| 00| 0 eng d
040 _cAL
041 _aKannada
082 _aK894.109 MARB
100 _aMARULASIDDAYYA (H M) mattu MARAKINI (M B).
_dಮರುಳಸಿದ್ದಯ್ಯ ((ಹೆಚ್ ಎಂ)
_9179256
245 _aBiddudu gariyalla; hakkiye!
_bಬಿದ್ದುದು ಗರಿಯಲ್ಲಾ; ಹಕ್ಕಿಯೇ!
260 _aPutturu
_bKarnataka Sangha
_c2003
300 _a81
650 _aKunjihitlu ramachandra
_9179257
690 _aKannada Poetry Criticism
_9179258
906 _a058289
942 _2ddc
_cBK
999 _c105832
_d105832